UBT Library

Encyclopedia of nationalism / (Record no. 44464)

000 -LEADER
fixed length control field 00644pam a2200229 a 4500
001 - CONTROL NUMBER
control field 3870662
005 - DATE AND TIME OF LATEST TRANSACTION
control field 20180308071309.0
008 - FIXED-LENGTH DATA ELEMENTS--GENERAL INFORMATION
fixed length control field 890519s1990 nyu d 000 0 eng
010 ## - LIBRARY OF CONGRESS CONTROL NUMBER
LC control number 89008690
020 ## - INTERNATIONAL STANDARD BOOK NUMBER
International Standard Book Number 1557781672 :
Terms of availability $35.00
040 ## - CATALOGING SOURCE
Original cataloging agency DLC
Transcribing agency DLC
Modifying agency DLC
041 ## - LANGUAGE CODE
Language code of text/sound track or separate title eng
080 ## - UNIVERSAL DECIMAL CLASSIFICATION NUMBER
Universal Decimal Classification number 320.5403 LOU
082 00 - DEWEY DECIMAL CLASSIFICATION NUMBER
Classification number 320.5403 LOU
Edition number 20
100 1# - Rafti
Rafti 24
101 ## - Shkurtesa
Shkurtesa ENC
245 10 - TITLE STATEMENT
Title Encyclopedia of nationalism /
Statement of responsibility, etc Louis L. Snyder.
504 ## - BIBLIOGRAPHY, ETC. NOTE
Bibliography, etc Includes bibliographical references (p. [437]-445).
906 ## - LOCAL DATA ELEMENT F, LDF (RLIN)
a 7
b cbc
c orignew
d 1
e ocip
f 19
g y-gencatlg
942 ## - ADDED ENTRY ELEMENTS (KOHA)
Source of classification or shelving scheme
Item type Books
Holdings
Withdrawn status Lost status Source of classification or shelving scheme Damaged status Not for loan Collection code Permanent location Current location Shelving location Date acquired Total Checkouts Full call number Barcode Date last seen Price effective from Koha item type
          Koleksioni i përgjithshem UBT - Lipjan UBT - Prishtine Koleksioni i përgjithshem 03/08/2018   320.5403 LOU 002-3001311 02/10/2023 03/08/2018 Books
UBT Library © 2015-2024. All rights reserved University Education for Business and Technology